| 000 | 00344cam a22001097a 4500 | ||
|---|---|---|---|
| 008 | 180718b1991 xxu||||| |||| 00| 0 eng d | ||
| 100 | _aAgarwal, J.C. | ||
| 245 |
_aBhartiya shiksha padti: sanrachna aur samasyain (Hindi) _cby J.C. Agarwal |
||
| 260 |
_aNew Delhi _bArya Book _c1991 |
||
| 300 | _a298p. | ||
| 650 | _aIndian education-structure,problem | ||
| 999 |
_c405894 _d405894 |
||